Mấy vấn đề sân khấu truyền thống

Nghệ thuật tuồng Việt Nam. Bàn về truyền thống tuồng ở Hà Nội. Sự khác nhau giữa tuồng và kinh kịch. ..

Na minha lista:
Detalhes bibliográficos
Autor principal: Hoàng Chương (Tác giả)
Formato: Livro
Idioma:Vietnamese
Publicado em: H. Viện sân khấu 1986
Assuntos:
Tags: Adicionar Tag
Sem tags, seja o primeiro a adicionar uma tag!
Thư viện lưu trữ: Mạng thư viện Đại học Đà Nẵng
LEADER 01201nam a2200349 4500
001 000009484
003 5681
005 20111028081008.0
008 111028s1986 viesd
020 |c 14đ 
041 0 |a vie 
082 |a 792  |b HO-C 
100 0 |a Hoàng Chương  |e Tác giả 
245 0 |a Mấy vấn đề sân khấu truyền thống  |c Hoàng Chương 
260 |a H.  |b Viện sân khấu  |c 1986 
300 |a 315tr  |c 18cm 
500 |a Viện sân khấu 
520 |a Nghệ thuật tuồng Việt Nam. Bàn về truyền thống tuồng ở Hà Nội. Sự khác nhau giữa tuồng và kinh kịch. .. 
653 |a sân khấu 
653 |a tuồng 
653 |a truyền thống 
700 |a Hoàng Chương  |e Tác giả 
OWN |a LSP 
AVA |a UDN50  |b LSP  |d 792 HO-C  |e available  |t Error 5001 Not defined in file expand_doc_bib_avail.  |f 2  |g 1  |h N  |i 0  |k 1 
999 |a From the UDN01 
AVA |a UDN50  |b LSP  |d 792 HO-C  |e available  |t Error 5001 Not defined in file expand_doc_bib_avail.  |f 2  |g 1  |h N  |i 0  |k 1 
TYP |a Monograph 
TYP |a Printed language 
980 |a Mạng thư viện Đại học Đà Nẵng